000
00227nam a22000857a 4500
008
161126b xxu||||| |||| 00| 0 eng d
100
_9
1471
_a
Haslings. S
245
_a
The Birth of Jesus
260
_a
New york
_b
Western publication
_c
1994
999
_c
4192
_d
4192